000 00560nam a2200217 a 4500
001 BRCA_6675
005 20190320205542.0
008 121011s1922----gw-#######---#000-0#ger-#
041 _ager
044 _agw
050 4 _aPT2603
_b.O395 Z37
_c1922
100 1 _aBölsche, Wilhelm
_d1861-1939
_916359
245 1 0 _aDer Zauber des Königs Arpus
_cWilhelm Bölsche.
250 _a5
260 _aDresde, Alemania
_bCarl Reissner
_c1922
300 _a279 p.
_c19 cm.
500 _aL195
650 1 4 _aLiteratura Alemana
_96160
902 _aGFM
942 _2lcc
_cB
999 _c6359
_d6359